000 01280nam a22002177a 4500
999 _c57121
_d57121
003 Ge_BSU
005 20191121165832.0
008 191121s2018 ge ||||| |||| 00| 0 geo d
020 _a9789941956560
041 _ageo
080 _a330+ 338.22 ჭ-46
100 _aჭილაია, ნინო.
_95506
245 _aმიწოდების ხარჯების მინიმიზაციისა და საწარმოო ლოჯისტიკური პოტენციალის ოპტიმიზაციის სტრატეგიები გლობალურ ბიზნესში
_bმონოგრაფია /
_cნინო ჭილაია ; რედ : რეზო მანველიძე ; ბადრი გეჩბაია.
264 _aთბილისი :
_bკალმოსანი,
_c2018.
300 _a248 გვ. :
_bდიაგრ., ცხრ. ;
_c20 სმ.
653 _aლოგისტიკა
653 _aეკონომიკური პოლიტიკა
700 _aმანველიძე, რეზო
_eრედაქტორი
_91497
700 _aბადრი, გეჩბაია
_eრედაქტორი
_95507
942 _2udc
_cBK